000 00292nam a22001217a 4500
008 160520b xxu||||| |||| 00| 0 eng d
020 _a9781585280902
020 _a1585280909
041 _aeng
080 _a615
245 _aManual for pharmacy technicians:
_cLinda Y. Fred;
942 _2udc
_cBK
999 _c2302
_d2302